00334nam a2200133Ia 4500008004100000020001500041041001200056100001300068245005600081250000800137260003100145300000800176650001600184221030s9999 xx 000 0 und d a1403929648 aEnglish aA. Fadia 3aAn Unofficial Guide to Ethical Hackingcby A. Fadia a2nd bMacmillanaNew Delhic2007 a589 aBE Computer